Deutschland: Geografie mit K - Statistiken

Allgemein
  • Dieses Quiz wurde 563 mal gespielt
  • Das Durchschnittsergebnis liegt bei 8 aus 14
Antwortstatistiken
Hnweis Antwort % Korrekt
Größte Stadt Nordrhein-Westfalens, KFZ-Kennzeichen "K" Köln
99%
Ostseebucht, die nach der Hauptstadt von Schleswig-Holstein benannt ist {Kieler} Bucht
90%
Kleines Mittelgebirge vulkanischen Ursprungs im Südwesten von Baden-Württemberg, das für den Weinbau bekannt ist {Kaiser}stuhl
88%
Die Stadt wurde 1715 als Planstadt gegründet und war die Hauptstadt des Großherzugtums Baden Karlsruhe
82%
Die Stadt in der Pfalz ist bisher die kleinste Stadt, aus der ein Meister der Fußball-Bundesliga kam Kaiserslautern
76%
Größte Stadt am Bodensee, die als einzige deutsche Stadt auch teilweise südlich des Sees liegt Konstanz
72%
Berliner Stadtteil, der traditionell in die Teile 61 und SO 36 unterteilt wird und mit Friedrichshain einen Bezirk bildet Kreuzberg
60%
Bekannteste Einkaufsstraße in Düsseldorf, die häufig mit ihren ersten beiden Buchstaben abgekürzt wird Königsallee
47%
Mit 626 Metern der höchste Berg des Odenwaldes {Katzen}buckel
40%
Die Stadt ist durch die Europabrücke mit Straßburg auf der anderen Rheinseite verbunden Kehl
38%
Hügellandschaft zwischen Odenwald und Schwarzwald im Nordwesten von Baden-Württemberg {Kraich}gau
36%
Gebirgsgruppe der Nördlichen Kalkalpen in Österreich und Südbayern, an deren deutschen Rand der Ort Mittenwald liegt, auch bekannt aus der Sendung "Zwischen Spessart und _________" Karwendel
24%
Hessischer Fluss, der in Hanau in den Main mündet Kinzig
19%
Kleines Mittelgebirge in Thüringen und Sachsen-Anhalt, das für die Barbarossahöhle bekannt ist Kyffhäuser
18%
Keine übereinstimmenden Quizze gefunden
Verteilung der Resultate
Anzahl Personen mit jedem Resultat
Perzentil nach korrekt beantworteten Fragen
Ihre Resultats-Entwicklung
Sie haben dieses Quiz noch nicht gespielt